| 000 | 01302nam a2200349 i 4500 | ||
|---|---|---|---|
| 001 | 000007583 | ||
| 003 | DO-SdBNP | ||
| 005 | 20260507140009.0 | ||
| 007 | ta | ||
| 008 | 090909s2000 dr a 000 0 spa d | ||
| 020 | _a8493024309 | ||
| 040 |
_aDO-SdBNP _bspa _cBNPHU _erda |
||
| 041 | _aspa | ||
| 082 | 4 |
_a658.4 _bE77g 2000 _222 |
|
| 100 | 1 |
_aEspín, Antonio, _eautor _4aut. _921040 |
|
| 245 | 1 | 0 |
_aGerencia dinámica y productiva : _bdivida su cerebro, multiplique sus acciones y sea un gerente de clase mundial / _cAntonio Espín ; prólogo, José Corripio E. |
| 250 | _aSegunda edición | ||
| 264 |
_aSanto Domingo, República Dominicana : _bEditora Corripio, _c2000. |
||
| 300 |
_a234 páginas : _bilustraciones ; _c23 cm. |
||
| 336 |
_atexto _btxt _2rdacontent |
||
| 337 |
_asin mediación _bn _2rdamedia |
||
| 338 |
_avolumen _bnc _2rdacarrier |
||
| 500 | _aEn la cubioerta : "Los conceptos fundamentales que necesita dominar un buen gerente" | ||
| 504 | _aBibliografía: páginas 235-236 | ||
| 590 | _aInventariado, 2026 /LP | ||
| 650 | 0 |
_aAdministración industrial _95872 |
|
| 650 | 0 |
_aContabilidad administrativa _921041 |
|
| 650 | 0 |
_aAptitud creadora en los negocios _911334 |
|
| 700 | 1 |
_aCorripio E., José, _eprologuista _921042 _4pr. |
|
| 910 | _aLP. | ||
| 942 |
_2ddc _cLBS1 |
||
| 999 |
_c60685 _d60685 |
||